Quizz special Waifu - Statistiques

Statistiques générales
  • Ce quiz a été pris 38 fois
  • Le résultat moyen est 12 sur 24
Statistiques - réponses
Par images Réponse % Correct
Ai Hoshino
94%
Frieren
90%
Yor Forger
90%
Hatsune Miku
87%
Asuna Yuuki
84%
Ochako Uraraka
81%
Usagi Tsukino / Sailor Moon
77%
Mai Sakurajima
71%
Emilia
68%
Kaguya Shinomiya
65%
Aqua
58%
Yotsuba Nakano
58%
Hu Tao
52%
Rin Tohsaka
52%
Asuka Langley Soryu
42%
Lamu
23%
Haruhi Suzumiya
19%
Hitagi Senjougahara
16%
Itsuki Myoudouin / Cure Sunshine
10%
Tsukuyo
10%
Kaede Akamatsu
6%
Konjiki no Yami
6%
Atsuko "Akko" Kagari
3%
Narmeya
0%
Aucun quiz correspondant
Distribution des résultats
% des personnes avec chaque résultat
Percentile par nombre de réponses
Votre historique - résultats
Vous n’avez pas pris ce quiz